000 00445cam a2200181ua 4500
001 14181
008 131231n II |||gr||||Z||||||eng
040 _aMAIN
041 _aEnglish
082 _a515.33 GHO
100 _aGHOSH, R. K.
245 _aAN INTRODUCTION TO ANALYSIS PART 1
260 _a[s.l]:
_bNEW CENTRAL BOOK AGENCY,
_c2003.
300 _a903:
_c25CM.
653 _aLiterature & rhetoric
700 _aMAIT, K. C.
942 _cBK
999 _c14068
_d14068